| 000 | 00726nam a2200253 a 4500 | ||
|---|---|---|---|
| 001 | 000007726 | ||
| 005 | 20200929154257.0 | ||
| 008 | 911108s1991 sp 000 1 spa d | ||
| 010 | _a91214812 | ||
| 020 | _a8433909231 | ||
| 040 |
_aDO-SdBNP _cWU _dDLC |
||
| 042 | _alccopycat | ||
| 082 |
_a863.64 _bA523c |
||
| 100 | 1 |
_aAmo, Alvaro del, _d1942- _921397 |
|
| 245 | 1 | 0 |
_aContagio / _cAlvaro del Amo. |
| 260 |
_aBarcelona : _bEditorial Anagrama, _cc1991. |
||
| 300 |
_a103 p. ; _c20 cm. |
||
| 490 | 1 |
_aNarrativas hispánicas _v113 |
|
| 500 | _aA novel. | ||
| 650 | 4 |
_aNovela española _91123 |
|
| 650 | 4 |
_aLiteratura española _9632 |
|
| 830 | 0 |
_aNarrativas hispánicas _v113 _921236 |
|
| 910 | _aCatalogación por copia / LC | ||
| 999 |
_c7504 _d7504 |
||